Michigan State Basketball: Scoring Leader Every Year - Statistics

General Stats
  • This quiz has been taken 251 times
    108 since last reset
  • The average score is 21 of 76
Answer Stats
Year Player Average % Correct
2022-2023 Tyson Walker 14.8
84%
2023-2024 Tyson Walker 18.4
84%
2018-2019 Cassius Winston 18.8
82%
2019-2020 Cassius Winston 18.6
82%
2011-2012 Draymond Green 16.2
73%
2016-2017 Miles Bridges 16.9
70%
2017-2018 Miles Bridges 17.1
70%
1986-1987 Darryl Johnson 22.1
68%
2015-2016 Denzel Valentine 19.2
66%
1959-1960 Horace Walker 22.5
65%
1957-1958 John Green 18.0
65%
1987-1988 Carlton Valentine 13.3
61%
1997-1998 Marteen Cleaves 16.1
56%
2020-2021 Aaron Henry 15.4
51%
2021-2022 Gabe Brown 11.6
51%
2000-2001 Jason Richardson 14.7
51%
1988-1989 Steve Smith 17.7
49%
1989-1990 Steve Smith 20.2
49%
1990-1991 Steve Smith 25.1
49%
1949-1950 Dan Smith 9.4
47%
1981-1982 Kevin Smith 15.6
47%
2013-2014 Gary Harris 16.7
44%
2014-2015 Travis Trice 15.3
32%
2008-2009 Kalin Lucas 14.7
30%
2009-2010 Kalin Lucas 14.8
30%
2010-2011 Kalin Lucas 17.0
30%
2012-2013 Keith Appling 13.4
28%
1998-1999 Morris Peterson 13.6
27%
1999-2000 Morris Peterson 16.8
27%
1985-1986 Scott Skiles 27.4
24%
1976-1977 Greg Kelser 21.7
23%
1977-1978 Greg Kelser 17.7
23%
1978-1979 Greg Kelser 18.8
23%
1991-1992 Shawn Respert 15.8
23%
1992-1993 Shawn Respert 20.1
23%
1993-1994 Shawn Respert 24.3
23%
1994-1995 Shawn Respert 25.6
23%
1960-1961 Dick Hall 16.3
20%
2003-2004 Paul Davis 15.8
20%
2006-2007 Drew Neitzel 18.1
18%
2004-2005 Maurice Ager 14.1
14%
2005-2006 Maurice Ager 19.3
14%
2002-2003 Chris Hill 13.7
13%
1979-1980 Jay Vincent 21.6
13%
1980-1981 Jay Vincent 22.6
13%
1982-1983 Sam Vincent 16.4
13%
1983-1984 Sam Vincent 15.6
13%
1984-1985 Sam Vincent 23.0
13%
2007-2008 Raymar Morgan 14.0
11%
1962-1963 Ted Williams 18.0
11%
2001-2002 Marcus Taylor 16.8
9%
1971-1972 Mike Robinson 24.8
9%
1972-1973 Mike Robinson 25.3
9%
1973-1974 Mike Robinson 22.4
9%
1974-1975 Terry Furlow 20.4
8%
1975-1976 Terry Furlow 29.4
8%
1964-1965 Stan Washington 21.3
6%
1965-1966 Stan Washington 18.0
6%
1952-1953 Al Ferrari 16.6
5%
1954-1955 Al Ferrari 20.1
5%
1948-1949 Bill Rapchak 10.6
5%
1953-1954 Julius McCoy 18.6
5%
1955-1956 Julius McCoy 27.3
5%
1967-1968 Lee Lafayette 16.9
5%
1968-1969 Lee Lafayette 18.7
5%
1995-1996 Quinton Brooks 16.3
5%
1969-1970 Ralph Simpson 29.0
5%
1996-1997 Ray Weathers 13.6
5%
1958-1959 Bob Anderegg 19.6
4%
1956-1957 Jack Quiggle 15.4
4%
1951-1952 Keith Stackhouse 11.8
4%
1966-1967 Matthew Aitch 16.3
4%
1961-1962 Pete Gent 14.1
4%
1963-1964 Pete Gent 21.1
4%
1950-1951 Ray Steffen 8.9
4%
1970-1971 Rudy Benjamin 21.7
4%
No matching quizzes found
Score Distribution
Percent of People with Each Score
Percentile by Number Answered
Your Score History
You have not taken this quiz since the last reset